000 00673nam a2200253Ia 4500
005 20250425162113.0
008 250425s9999 xx 000 0 und d
020 _a9978922024
041 _aspa
043 _aec
082 _a303.48
100 _aMUNICIPALIDAD, DE GUAYAQUIL
245 0 _aINDICADORES URBANOS CIUDAD DE GUAYAQUIL 1993-2000 ECUADOR
250 _a1A ED.
260 _aEcuador
_bM. I. MUNICIPALIDAD DE GUAYAQUIL
_c2002
260 _aGUAYAQUIL
300 _a123
650 _aCAMBIOS SOCIALES
650 _aGUAYAQUIL
650 _aINDICADORES SOCIOECONOMICOS
710 _aM. I. MUNICIPALIDAD DE GUAYAQUIL
942 _c01
010 _a50361
999 _c222403
_d222403